[Event "Wch Seniors 50 30th"]
[Site "Assisi"]
[Date "2022.11.22"]
[Round "7"]
[White "Antic, Dejan"]
[Black "Teo, Kok Siong"]
[Result "1-0"]
[WhiteElo "2412"]
[BlackElo "2142"]
[PlyCount "57"]
[EventDate "2022.11.15"]
[EventType "swiss"]
[EventRounds "11"]
[EventCountry "ITA"]
[SourceTitle "CBM 211 Extra"]
[Source "ChessBase"]
[SourceDate "2023.01.31"]
[SourceVersion "1"]
[SourceVersionDate "2023.01.31"]
[SourceQuality "1"]

1. d4 g6 2. c4 Bg7 3. Nf3 d6 4. Nc3 c5 5. e3 cxd4 6. exd4 Nc6 7. Be2 h5 8. 0-0 Nh6 9. Re1 Nf5 10. d5 Ncd4 11. Bg5 0-0 12. Bd3 Re8 13. Nxd4 Nxd4 14. Qd2 Bf5 15. Ne4 Rc8 16. Rac1 a6 17. Bf1 Bxe4 18. Rxe4 Nf5 19. g3 Qb6 20. b3 Nd4 21. Bg2 e5 22. dxe6 fxe6 23. Be3 e5 24. Re1 Rf8 25. Bxd4 exd4 26. Re6 d3 27. Rxg6 Rc7 28. Bd5+ Kh7 29. Ree6 1-0

[Event "Wch Seniors 50 30th"]
[Site "Assisi"]
[Date "2022.11.17"]
[Round "3"]
[White "Arkell, Keith C"]
[Black "Teo, Kok Siong"]
[Result "1-0"]
[WhiteElo "2408"]
[BlackElo "2142"]
[PlyCount "85"]
[EventDate "2022.11.15"]
[EventType "swiss"]
[EventRounds "11"]
[EventCountry "ITA"]
[SourceTitle "CBM 211 Extra"]
[Source "ChessBase"]
[SourceDate "2023.01.31"]
[SourceVersion "1"]
[SourceVersionDate "2023.01.31"]
[SourceQuality "1"]

1. d4 Nf6 2. Nf3 g6 3. c4 Bg7 4. Nc3 0-0 5. g3 d5 6. cxd5 Nxd5 7. Bg2 c5 8. 0-0 Nxc3 9. bxc3 Nc6 10. e3 Be6 11. Ba3 cxd4 12. cxd4 Qa5 13. Bb2 Rfd8 14. Nd2 Ne5 15. Nb3 Qb5 16. Qb1 Nc4 17. Bc3 Bd5 18. e4 Bc6 19. Rc1 Nd6 20. d5 Bxc3 21. Rxc3 Qb4 22. Rc1 Ba4 23. Nc5 Qd4 24. e5 Nb5 25. Qe4 Qxe4 26. Bxe4 Nd4 27. Nxa4 Ne2+ 28. Kf1 Nxc1 29. Rxc1 b5 30. Nb2 Rac8 31. Rc6 a5 32. Ke2 Kf8 33. Ke3 Rb8 34. Nd3 b4 35. Nc5 a4 36. Nxa4 Ra8 37. Nc5 Rxa2 38. Rb6 Ra3+ 39. Kd4 Ra2 40. Nd3 e6 41. d6 f6 42. Nf4 fxe5+ 43. Kxe5 1-0

[Event "Wch Seniors 50 29th"]
[Site "Bucharest"]
[Date "2019.11.12"]
[Round "1"]
[White "Teo, Kok Siong"]
[Black "Horackova, Isabela"]
[Result "1-0"]
[WhiteElo "2104"]
[BlackElo "1132"]
[PlyCount "55"]
[EventDate "2019.11.12"]
[EventType "swiss"]
[EventRounds "11"]
[EventCountry "ROU"]
[SourceTitle "CBM 193 Extra"]
[Source "ChessBase"]
[SourceDate "2020.01.31"]
[SourceVersion "1"]
[SourceVersionDate "2020.01.31"]
[SourceQuality "1"]

1. d4 d6 2. e4 g6 3. Nc3 c6 4. f4 Bg7 5. Nf3 Nf6 6. Bd3 0-0 7. Qe2 Nbd7 8. e5 Ne8 9. 0-0 e6 10. Ne4 d5 11. Neg5 h6 12. Nh3 Kh7 13. Bd2 a5 14. g4 Rg8 15. Nfg5+ hxg5 16. Nxg5+ Qxg5 17. fxg5 Rf8 18. Rf3 Kg8 19. Raf1 b5 20. Qf2 Nxe5 21. dxe5 Bxe5 22. Rxf7 Nf6 23. Rxf8+ Kxf8 24. gxf6 Kf7 25. Qh4 Bd4+ 26. Kh1 e5 27. Qh7+ Ke6 28. Qe7# 1-0

[Event "Wch Seniors 50 28th"]
[Site "Bled"]
[Date "2018.11.21"]
[Round "4"]
[White "Teo, Kok Siong"]
[Black "Arakhamia Grant, Ketevan"]
[Result "0-1"]
[WhiteElo "2191"]
[BlackElo "2373"]
[PlyCount "70"]
[EventDate "2018.11.18"]
[EventType "swiss"]
[EventRounds "11"]
[EventCountry "SLO"]
[SourceTitle "CBM 187 Extra"]
[Source "ChessBase"]
[SourceDate "2018.11.04"]
[SourceVersion "1"]
[SourceVersionDate "2018.11.04"]
[SourceQuality "1"]

1. d4 Nf6 2. c4 g6 3. Nc3 Bg7 4. e4 d6 5. Nf3 0-0 6. Be2 e5 7. 0-0 Nc6 8. d5 Ne7 9. b4 Nh5 10. g3 f5 11. Ng5 Nf6 12. f3 c6 13. Kg2 Kh8 14. Ba3 Ne8 15. Qd2 h6 16. Nh3 a5 17. c5 axb4 18. Bxb4 fxe4 19. fxe4 Rxf1 20. Rxf1 cxd5 21. cxd6 Nxd6 22. exd5 Bxh3+ 23. Kxh3 e4 24. Qf4 Nef5 25. Nxe4 Nxe4 26. Qxe4 Rxa2 27. Bg4 Qg5 28. Bxf5 Qh5+ 29. Qh4 Qe2 30. Re1 Qg2+ 31. Kg4 gxf5+ 32. Kh5 Qxd5 33. Qe7 Kh7 34. h3 Rh2 35. Kh4 Qg2 0-1

[Event "WchT Seniors 50"]
[Site "Dresden"]
[Date "2018.07.08"]
[Round "2.6"]
[White "Hutschenreiter, Joerg"]
[Black "Teo, Kok Siong"]
[Result "1-0"]
[WhiteElo "2023"]
[BlackElo "2213"]
[PlyCount "67"]
[EventDate "2018.07.07"]
[EventType "team-swiss"]
[EventRounds "9"]
[EventCountry "GER"]
[SourceTitle "CBM 185 Extra"]
[Source "ChessBase"]
[SourceDate "2018.07.29"]
[SourceVersion "1"]
[SourceVersionDate "2018.07.29"]
[SourceQuality "1"]
[WhiteTeam "Dresden Gruen Weiss"]
[BlackTeam "Temasek Knights"]
[WhiteTeamCountry "GER"]
[BlackTeamCountry "SIN"]

1. d4 Nf6 2. c4 e5 3. dxe5 Ng4 4. Nf3 Nc6 5. e3 Bb4+ 6. Bd2 a5 7. Nc3 0-0 8. a3 Bc5 9. Ne4 Qe7 10. Nxc5 Qxc5 11. Bc3 Re8 12. Qd5 Qe7 13. Be2 a4 14. 0-0 Ngxe5 15. Nxe5 Nxe5 16. Qd4 d6 17. Rad1 Be6 18. c5 Bb3 19. cxd6 cxd6 20. Rd2 f6 21. Bd1 Bc4 22. Re1 d5 23. Bc2 Qe6 24. Qh4 f5 25. Qf4 g6 26. Qd4 Kf8 27. f4 Nf7 28. Qg7+ Ke7 29. Bb4+ Kd7 30. Qd4 Kc7 31. Bd3 b5 32. Bxc4 dxc4 33. Red1 Rac8 34. Qa7+ 1-0

[Event "SIN-ch"]
[Site "Singapore"]
[Date "2004.??.??"]
[Round "3"]
[White "Chan, Peng Kong"]
[Black "Teo, Kok Siong"]
[Result "0-1"]
[WhiteElo "2344"]
[BlackElo "2300"]
[PlyCount "54"]
[EventDate "2004.04.??"]
[EventType "tourn"]
[EventRounds "9"]
[EventCountry "SIN"]
[SourceTitle "EXT 2005"]
[Source "ChessBase"]
[SourceDate "2004.11.15"]
[SourceVersion "1"]
[SourceVersionDate "2004.11.15"]
[SourceQuality "1"]

1. d4 Nf6 2. c4 g6 3. Nc3 d5 4. cxd5 Nxd5 5. Na4 Bg7 6. e4 Nf6 7. f3 0-0 8. Be3 Nbd7 9. Bc4 c6 10. Bb3 b5 11. Nc3 Nb6 12. Nge2 a5 13. a3 Ba6 14. 0-0 b4 15. Na4 Nfd7 16. Qd2 c5 17. Nxb6 Nxb6 18. d5 a4 19. axb4 axb3 20. Bxc5 Nc4 21. Qg5 Bf6 22. Qf4 Nxb2 23. Rxa6 Rxa6 24. Nc1 Qb8 25. Qe3 Nc4 26. Qxb3 Qb5 27. Rd1 Ra3 0-1

[Event "SIN-ch"]
[Site "Singapore"]
[Date "2004.??.??"]
[Round "6"]
[White "Mooi, Osric Kok Onn"]
[Black "Teo, Kok Siong"]
[Result "0-1"]
[WhiteElo "2142"]
[BlackElo "2300"]
[PlyCount "114"]
[EventDate "2004.04.??"]
[EventType "tourn"]
[EventRounds "9"]
[EventCountry "SIN"]
[SourceTitle "EXT 2005"]
[Source "ChessBase"]
[SourceDate "2004.11.15"]
[SourceVersion "1"]
[SourceVersionDate "2004.11.15"]
[SourceQuality "1"]

1. e4 c5 2. Nf3 e6 3. Nc3 a6 4. a4 Qc7 5. d3 Nc6 6. g3 Nf6 7. Bg2 Be7 8. 0-0 d6 9. h3 0-0 10. Re1 e5 11. Bg5 Be6 12. Bxf6 Bxf6 13. Nh2 g6 14. Ng4 Bg7 15. Ne3 Nb4 16. Ne2 c4 17. Ra3 cxd3 18. cxd3 Rac8 19. Nc3 Bh6 20. Ned5 Bxd5 21. exd5 f5 22. a5 Bg7 23. Bf1 Qc5 24. Qb3 e4 25. dxe4 Bd4 26. Re2 Rce8 27. Ra4 Nd3 28. Qc4 Bxf2+ 29. Kh1 Ne5 30. Qxc5 Bxc5 31. exf5 Rxf5 32. Bg2 Ref8 33. Ne4 Nd3 34. Nxc5 Nxc5 35. Rc4 Rf2 36. Rcc2 Rxe2 37. Rxe2 Nb3 38. h4 Nxa5 39. Re7 Rf7 40. Re6 Rd7 41. Bh3 Kf7 42. b4 Nc4 43. Re4 Rc7 44. h5 Ne5 45. hxg6+ hxg6 46. Bf1 Rc2 47. Rf4+ Kg7 48. g4 Kh6 49. Rf6 Kg5 50. Rxd6 Kxg4 51. Re6 Kf4 52. d6 Rd2 53. Rf6+ Kg3 54. d7 Rxd7 55. Re6 Rd1 56. Rf6 g5 57. b5 Nf3 0-1

[Event "Olympiad-32"]
[Site "Yerevan"]
[Date "1996.10.01"]
[Round "14.4"]
[White "Arias Bouzada, Jorge"]
[Black "Teo, Kok Siong"]
[Result "0-1"]
[WhiteElo "2030"]
[BlackElo "2310"]
[PlyCount "70"]
[EventDate "1996.09.15"]
[EventType "team-swiss"]
[EventRounds "14"]
[EventCountry "ARM"]
[SourceTitle "CBM 055"]
[Source "ChessBase"]
[SourceDate "1996.12.01"]
[SourceVersion "1"]
[SourceVersionDate "1996.12.01"]
[SourceQuality "1"]
[WhiteTeam "Uruguay"]
[BlackTeam "Singapore"]
[WhiteTeamCountry "URU"]
[BlackTeamCountry "SIN"]

1. e4 e6 2. d4 d5 3. exd5 exd5 4. Nf3 Bg4 5. Qe2+ Qe7 6. Qxe7+ Bxe7 7. Ne5 Bf5 8. c4 f6 9. Nf3 Nc6 10. Bd2 0-0-0 11. c5 Be4 12. Bc3 Bxf3 13. gxf3 f5 14. Na3 Nf6 15. 0-0-0 Nh5 16. Nc2 Bh4 17. b4 a6 18. a4 Bxf2 19. b5 axb5 20. axb5 Ne7 21. Be1 Bxe1 22. Rxe1 Rhe8 23. Nb4 Nf4 24. Kd2 Neg6 25. Bd3 Nh4 26. Rhf1 Rxe1 27. Kxe1 Kd7 28. Kd2 Ra8 29. Bc2 g6 30. Bb3 c6 31. bxc6+ bxc6 32. Nd3 Nxd3 33. Kxd3 f4 34. Kc3 Re8 35. Ra1 Re3+ 0-1

[Event "Olympiad-32"]
[Site "Yerevan"]
[Date "1996.09.18"]
[Round "3.3"]
[White "Teo, Kok Siong"]
[Black "Mateus, Manuel"]
[Result "1-0"]
[WhiteElo "2310"]
[BlackElo "2220"]
[PlyCount "81"]
[EventDate "1996.09.15"]
[EventType "team-swiss"]
[EventRounds "14"]
[EventCountry "ARM"]
[SourceTitle "CBM 055"]
[Source "ChessBase"]
[SourceDate "1996.12.01"]
[SourceVersion "1"]
[SourceVersionDate "1996.12.01"]
[SourceQuality "1"]
[WhiteTeam "Singapore"]
[BlackTeam "Angola"]
[WhiteTeamCountry "SIN"]
[BlackTeamCountry "ANG"]

1. e4 e5 2. Nf3 Nf6 3. Nxe5 d6 4. Nf3 Nxe4 5. Nc3 Nxc3 6. dxc3 Be7 7. Bc4 0-0 8. 0-0 Nc6 9. Re1 Bf6 10. Bf4 Bg4 11. Qd3 Bxf3 12. Qxf3 Ne5 13. Bxe5 Bxe5 14. Rad1 Qh4 15. Re4 Qxh2+ 16. Kf1 Bf6 17. g3 Rae8 18. Rde1 Rxe4 19. Qxe4 c6 20. Bd3 g6 21. Re3 d5 22. Qf3 Kg7 23. c4 Qh3+ 24. Kg1 d4 25. Re1 h5 26. Bf1 Qd7 27. Qe4 h4 28. g4 Qd6 29. Bd3 h3 30. f4 Rh8 31. Kh1 Rh4 32. Qf3 Qb4 33. Qe2 Qd6 34. Rf1 Qe7 35. g5 Bxg5 36. fxg5 Qxg5 37. Qf3 f5 38. Rg1 Qf4 39. Qe2 h2 40. Qe7+ Kh8 41. Qf6+ 1-0

[Event "Olympiad-31"]
[Site "Moscow"]
[Date "1994.12.03"]
[Round "3.4"]
[White "Teo, Kok Siong"]
[Black "Hansen, Jens Christian1111"]
[Result "1-0"]
[WhiteElo "2370"]
[BlackElo "2210"]
[PlyCount "77"]
[EventDate "1994.12.01"]
[EventType "team-swiss"]
[EventRounds "14"]
[EventCountry "RUS"]
[SourceTitle "CBM 045"]
[Source "ChessBase"]
[SourceDate "1995.04.01"]
[SourceVersion "1"]
[SourceVersionDate "1995.04.01"]
[SourceQuality "1"]
[WhiteTeam "Singapore"]
[BlackTeam "Faroe Islands"]
[WhiteTeamCountry "SIN"]
[BlackTeamCountry "FAI"]

1. d4 Nf6 2. c4 g6 3. Nc3 Bg7 4. e4 d6 5. Nf3 0-0 6. Be2 e5 7. 0-0 Nc6 8. d5 Ne7 9. b4 Nh5 10. g3 f5 11. Ng5 Nf6 12. f3 h6 13. Ne6 Bxe6 14. dxe6 c6 15. b5 Ne8 16. bxc6 bxc6 17. Rb1 Rf6 18. c5 d5 19. exd5 cxd5 20. Rb7 Rxe6 21. Qb3 Nc7 22. Rd1 Kh8 23. Bc4 Rc6 24. Bxd5 Ncxd5 25. Nxd5 Nxd5 26. Rxd5 Qg8 27. Bb2 Rd8 28. Rxd8 Qxd8 29. Rb8 Rc8 30. Rxc8 Qxc8 31. Qd5 e4 32. Bxg7+ Kxg7 33. c6 Kf6 34. Qd6+ Qe6 35. Qd4+ Kg5 36. f4+ Kg4 37. Qd1+ Kh3 38. Qf1+ Kg4 39. Qe2+ 1-0

[Event "Olympiad-29"]
[Site "Novi Sad"]
[Date "1990.12.03"]
[Round "14"]
[White "Teo, Kok Siong"]
[Black "Elters, Antoine"]
[Result "1/2-1/2"]
[WhiteElo "2355"]
[BlackElo "2210"]
[PlyCount "121"]
[EventDate "1990.11.17"]
[EventType "team-swiss"]
[EventRounds "14"]
[EventCountry "YUG"]
[SourceTitle "EXT 2019"]
[Source "ChessBase"]
[SourceDate "2018.10.10"]
[SourceVersion "1"]
[SourceVersionDate "2018.10.10"]
[SourceQuality "1"]
[WhiteTeam "Singapore"]
[BlackTeam "Uruguay"]
[WhiteTeamCountry "SIN"]
[BlackTeamCountry "URU"]

1. d4 Nf6 2. c4 g6 3. Nc3 Bg7 4. e4 d6 5. Nf3 0-0 6. Be2 Nc6 7. d5 Nb8 8. 0-0 a5 9. Ne1 Na6 10. Nd3 b6 11. f4 Nd7 12. Be3 Nac5 13. Nxc5 bxc5 14. Qd2 e6 15. Rad1 exd5 16. cxd5 Qe7 17. Bd3 Ba6 18. e5 dxe5 19. f5 e4 20. Bxa6 Rxa6 21. Rde1 Nf6 22. Bg5 Qd7 23. Bxf6 Rxf6 24. Nxe4 Rxf5 25. Rxf5 Qxf5 26. Nxc5 Rd8 27. Rd1 Re8 28. Nb7 Qg4 29. h3 Qg3 30. d6 cxd6 31. Qf2 Qxf2+ 32. Kxf2 Rb8 33. Nxa5 Rxb2+ 34. Kf3 Rxa2 35. Nc4 Be5 36. Nxd6 Ra3+ 37. Ke2 Ra4 38. Kf3 Ra3+ 39. Kf2 Ra4 40. Kf3 h5 41. Rd5 Ra3+ 42. Ke2 f6 43. Nc4 Ra2+ 44. Rd2 Ra4 45. Nxe5 fxe5 46. Rd7 Kf8 47. Rd5 Re4+ 48. Kf3 Re1 49. Kf2 Re4 50. Kf3 Rf4+ 51. Ke3 Rf5 52. Rd7 Rg5 53. Kf2 Rf5+ 54. Ke3 Rg5 55. Kf2 h4 56. Rh7 Rh5 57. Ra7 Rf5+ 58. Ke3 Rg5 59. Kf2 e4 60. Ra4 e3+ 61. Kxe3 1/2-1/2

[Event "Olympiad-29"]
[Site "Novi Sad"]
[Date "1990.12.01"]
[Round "13"]
[White "Rahman, Jamilur"]
[Black "Teo, Kok Siong"]
[Result "0-1"]
[WhiteElo "2220"]
[BlackElo "2355"]
[PlyCount "59"]
[EventDate "1990.11.17"]
[EventType "team-swiss"]
[EventRounds "14"]
[EventCountry "YUG"]
[SourceTitle "EXT 2019"]
[Source "ChessBase"]
[SourceDate "2018.10.10"]
[SourceVersion "1"]
[SourceVersionDate "2018.10.10"]
[SourceQuality "1"]
[WhiteTeam "Bangladesh"]
[BlackTeam "Singapore"]
[WhiteTeamCountry "BAN"]
[BlackTeamCountry "SIN"]

1. e4 c5 2. Nc3 e6 3. Nf3 Nc6 4. d4 cxd4 5. Nxd4 Qc7 6. Be3 Nf6 7. Be2 Bb4 8. Nxc6 Qxc6 9. 0-0 Nxe4 10. Nxe4 Qxe4 11. c4 Be7 12. Bd3 Qc6 13. Rc1 d6 14. f4 Bd7 15. Rf2 a5 16. Qg4 Bf6 17. b3 h5 18. Qe2 Kf8 19. Rd1 Qc7 20. Bc1 Bd4 21. Be3 Bc5 22. Bxc5 Qxc5 23. Qb2 Rh6 24. Kh1 h4 25. h3 Bc6 26. a3 Qe3 27. Kh2 Rf6 28. f5 exf5 29. Qc2 f4 30. Rg1 0-1

[Event "Olympiad-29"]
[Site "Novi Sad"]
[Date "1990.11.27"]
[Round "10"]
[White "Teo, Kok Siong"]
[Black "Lupu, Mircea Sergiu"]
[Result "0-1"]
[WhiteElo "2355"]
[BlackElo "2450"]
[PlyCount "84"]
[EventDate "1990.11.17"]
[EventType "team-swiss"]
[EventRounds "14"]
[EventCountry "YUG"]
[SourceTitle "EXT 2019"]
[Source "ChessBase"]
[SourceDate "2018.10.10"]
[SourceVersion "1"]
[SourceVersionDate "2018.10.10"]
[SourceQuality "1"]
[WhiteTeam "Singapore"]
[BlackTeam "Romania"]
[WhiteTeamCountry "SIN"]
[BlackTeamCountry "ROU"]

1. d4 g6 2. c4 Bg7 3. Nc3 Nf6 4. g3 0-0 5. Bg2 c5 6. Nf3 Na6 7. 0-0 d6 8. b3 Qa5 9. Bb2 Rd8 10. Qd2 cxd4 11. Nxd4 Qh5 12. Nd5 Nxd5 13. Bxd5 Nc5 14. Rad1 a6 15. Rfe1 Rb8 16. Qc2 e6 17. Bf3 Qg5 18. Bg2 e5 19. Nf3 Qh5 20. Nh4 Bf6 21. Bf3 Qh6 22. Ng2 Bf5 23. e4 Bh3 24. Ne3 Bg5 25. Bg2 Bxe3 26. Rxe3 Bg4 27. Rf1 b5 28. b4 Na4 29. Bc1 Rbc8 30. Ra3 Qf8 31. Rxa4 bxa4 32. Be3 Be6 33. c5 dxc5 34. bxc5 Qe8 35. Rc1 Qc6 36. Qc3 f6 37. Qc2 Rb8 38. Rb1 Rxb1+ 39. Qxb1 Qb5 40. Qc2 Qc4 41. Qb1 Qxa2 42. Qe1 Qc2 0-1

[Event "Olympiad-29"]
[Site "Novi Sad"]
[Date "1990.11.26"]
[Round "9"]
[White "Dreyer, Martin"]
[Black "Teo, Kok Siong"]
[Result "0-1"]
[WhiteElo "2245"]
[BlackElo "2355"]
[PlyCount "120"]
[EventDate "1990.11.17"]
[EventType "team-swiss"]
[EventRounds "14"]
[EventCountry "YUG"]
[SourceTitle "EXT 2019"]
[Source "ChessBase"]
[SourceDate "2018.10.10"]
[SourceVersion "1"]
[SourceVersionDate "2018.10.10"]
[SourceQuality "1"]
[WhiteTeam "New Zealand"]
[BlackTeam "Singapore"]
[WhiteTeamCountry "NZL"]
[BlackTeamCountry "SIN"]

1. d4 Nf6 2. c4 e6 3. Nc3 Bb4 4. e3 c5 5. a3 Bxc3+ 6. bxc3 Nc6 7. Bd3 d6 8. Ne2 e5 9. e4 h6 10. 0-0 Bg4 11. f3 Bd7 12. f4 Qe7 13. d5 Na5 14. f5 g5 15. h3 b6 16. Be3 Kd8 17. Nc1 Kc7 18. a4 Qf8 19. Rf2 g4 20. h4 g3 21. Rb2 Rb8 22. Qc2 Qg7 23. Be2 Ng4 24. Bd2 Rhg8 25. Qd3 Nf2 26. Qe3 Nd1 27. Bxd1 Nxc4 28. Qf3 Nxb2 29. Bb3 c4 30. Bc2 Qg4 31. Ra2 Nd3 32. Nxd3 cxd3 33. Bxd3 Qxh4 34. Kf1 f6 35. Ke2 Be8 36. Qf1 Qg4+ 37. Ke1 h5 38. Be3 h4 39. Kd2 h3 40. gxh3 g2 41. hxg4 gxf1Q 42. Bxf1 Rxg4 43. Kd3 Rg3 44. Kd2 a5 45. c4 Bd7 46. Ra3 Rg4 47. Kd3 Rh8 48. Be2 Rg3 49. Kd2 Rhh3 50. Rb3 Rxe3 51. Rxe3 Rxe3 52. Kxe3 Bxa4 53. Kd2 b5 54. cxb5 Kb6 55. Kc3 Bxb5 56. Bd1 Kc5 57. Bb3 Bf1 58. Ba2 Bg2 59. Bb1 a4 60. Bc2 a3 0-1

[Event "Olympiad-29"]
[Site "Novi Sad"]
[Date "1990.11.23"]
[Round "6"]
[White "Teo, Kok Siong"]
[Black "Maynard, Francis"]
[Result "1/2-1/2"]
[WhiteElo "2355"]
[BlackElo "2320"]
[PlyCount "92"]
[EventDate "1990.11.17"]
[EventType "team-swiss"]
[EventRounds "14"]
[EventCountry "YUG"]
[SourceTitle "EXT 2019"]
[Source "ChessBase"]
[SourceDate "2018.10.10"]
[SourceVersion "1"]
[SourceVersionDate "2018.10.10"]
[SourceQuality "1"]
[WhiteTeam "Singapore"]
[BlackTeam "Costa Rica"]
[WhiteTeamCountry "SIN"]
[BlackTeamCountry "CRI"]

1. d4 d5 2. c4 e6 3. Nc3 Nf6 4. Bg5 Be7 5. e3 0-0 6. Nf3 Nbd7 7. Bd3 dxc4 8. Bxc4 c5 9. 0-0 a6 10. a4 cxd4 11. Nxd4 Ne5 12. Be2 Ng6 13. Qc2 Qa5 14. Bxf6 Bxf6 15. Rad1 Bd7 16. Qb1 Rfd8 17. Bf3 Qb4 18. Be4 Be8 19. h3 Rac8 20. Nc2 Qb6 21. Na3 Bc6 22. Bxc6 Qxc6 23. Qc2 Nh4 24. e4 Qc5 25. Nab1 Qg5 26. f4 Qg3 27. Qe2 Rxd1 28. Nxd1 Bd4+ 29. Kh1 Ng6 30. Qd2 e5 31. Rf3 Qh4 32. f5 Nf4 33. Nbc3 Rd8 34. Nd5 Nxd5 35. exd5 Rxd5 36. Ne3 Rd8 37. f6 g6 38. Ng4 Rf8 39. Nh6+ Kh8 40. Ng4 h6 41. Rf1 Qg5 42. Qb4 Rg8 43. Qxb7 a5 44. b4 h5 45. Nh2 Qd2 46. b5 Qd3 1/2-1/2

[Event "Olympiad-28"]
[Site "Thessaloniki"]
[Date "1988.11.22"]
[Round "9"]
[White "Hernandez Guerrero, Gilberto Eduardo"]
[Black "Teo, Kok Siong"]
[Result "0-1"]
[WhiteElo "2320"]
[BlackElo "2320"]
[PlyCount "86"]
[EventDate "1988.11.13"]
[EventType "team-swiss"]
[EventRounds "14"]
[EventCountry "GRE"]
[SourceTitle "TD"]
[Source "ChessBase"]
[SourceDate "1994.03.01"]
[SourceVersion "1"]
[SourceVersionDate "1994.03.01"]
[SourceQuality "1"]
[WhiteTeam "Mexico"]
[BlackTeam "Singapore"]
[WhiteTeamCountry "MEX"]
[BlackTeamCountry "SIN"]

1. e4 e6 2. d4 d5 3. Nd2 c5 4. Ngf3 cxd4 5. exd5 Qxd5 6. Bc4 Qd6 7. 0-0 Nc6 8. Nb3 Nf6 9. Nbxd4 Nxd4 10. Nxd4 Bd7 11. c3 Qc7 12. Bb3 0-0-0 13. Qe2 h5 14. h3 Bc5 15. Be3 g5 16. Nb5 Bxb5 17. Qxb5 Bxe3 18. fxe3 Nd5 19. Qe2 f5 20. Rad1 Qe5 21. Bxd5 Rxd5 22. Qc4+ Rc5 23. Qd4 a6 24. a3 h4 25. e4 f4 26. Kf2 Rg8 27. Kf3 g4+ 28. hxg4 Qg5 29. Qd7+ Kb8 30. Qxe6 Re5 31. Qd7 h3 32. gxh3 Qh4 33. Kxf4 Ree8 34. Qd6+ Ka8 35. Ke3 Qxh3+ 36. Rf3 Qxg4 37. Qf4 Qe6 38. Qf5 Qb6+ 39. Rd4 Qxb2 40. Qc5 Qc1+ 41. Kd3 Qb1+ 42. Ke3 Qe1+ 43. Kd3 Rg2 0-1

[Event "Olympiad-28"]
[Site "Thessaloniki"]
[Date "1988.11.14"]
[Round "2"]
[White "Teo, Kok Siong"]
[Black "Hawelko, Marek"]
[Result "1/2-1/2"]
[WhiteElo "2320"]
[BlackElo "2450"]
[PlyCount "73"]
[EventDate "1988.11.13"]
[EventType "team-swiss"]
[EventRounds "14"]
[EventCountry "GRE"]
[SourceTitle "TD"]
[Source "ChessBase"]
[SourceDate "1994.03.01"]
[SourceVersion "1"]
[SourceVersionDate "1994.03.01"]
[SourceQuality "1"]
[WhiteTeam "Singapore"]
[BlackTeam "Poland"]
[WhiteTeamCountry "SIN"]
[BlackTeamCountry "POL"]

1. d4 Nf6 2. c4 c5 3. d5 b5 4. Nf3 d6 5. a4 b4 6. Nbd2 g6 7. b3 Bg7 8. Bb2 0-0 9. e4 e6 10. Bd3 exd5 11. exd5 Re8+ 12. Kf1 Nh5 13. Bxg7 Kxg7 14. Qc2 Bg4 15. Qb2+ Kg8 16. h3 Bxf3 17. Nxf3 Nf4 18. Rd1 Nd7 19. g3 Nxd3 20. Rxd3 Ne5 21. Re3 Nxf3 22. Rxf3 Re5 23. Kg2 Qe7 24. Rd1 Re8 25. Rdd3 f5 26. Rfe3 Qf7 27. Qe2 f4 28. Rxe5 Rxe5 29. Qg4 fxg3 30. Rf3 Qe7 31. Rxg3 Kg7 32. Qc8 a5 33. Qg4 Qe8 34. Qf5 Qe7 35. Qg4 Qe8 36. Qf5 Qe7 37. Qg4 1/2-1/2